Gesù Pastore e Maestro (Record n. 37810)

Dettagli MARC
000 -LEADER
fixed length control field 00603nam a22001817a 4500
003 - CONTROL NUMBER IDENTIFIER
control field IT-RoPau
005 - DATE AND TIME OF LATEST TRANSACTION
control field 20220918175938.0
008 - FIXED-LENGTH DATA ELEMENTS--GENERAL INFORMATION
fixed length control field 130121b xxu||||| |||| 00| 0 eng d
040 ## - CATALOGING SOURCE
Transcribing agency IT-RoPau
100 ## - MAIN ENTRY--PERSONAL NAME
Personal name Ferrero, Mauro
Titles and words associated with a name ssp
9 (RLIN) 212
245 ## - TITLE STATEMENT
Title Gesù Pastore e Maestro
Remainder of title nella pastorale di don Giacomo Alberione
250 ## - EDITION STATEMENT
Edition statement 1° ed.
260 ## - PUBLICATION, DISTRIBUTION, ETC. (IMPRINT)
Place of publication, distribution, etc. Roma
Name of publisher, distributor, etc. Società San Paolo
Date of publication, distribution, etc. 1999
300 ## - PHYSICAL DESCRIPTION
Extent 94 p.
Dimensions 20 cm
490 ## - SERIES STATEMENT
Series statement 1
520 ## - SUMMARY, ETC.
Summary, etc. INDICE<br/>Premessa;<br/>Introduzione;<br/>Abbreviazioni;<br/>Il Signore è il mio pastore;<br/>"Io-sono";<br/>Le pecore ascoltano la voce del pastore;<br/>Appendici.
942 ## - ADDED ENTRY ELEMENTS (KOHA)
Source of classification or shelving scheme Dewey Decimal Classification
Koha item type LIBRO
Dati di copia
Withdrawn status Lost status Source of classification or shelving scheme Damaged status Not for loan Home library Current library Date acquired Total Checkouts Full call number Date last seen Price effective from Koha item type
    Dewey Decimal Classification Buone Condizioni Not For Loan PAULUS-BIBLIOTECA PAULUS-BIBLIOTECA 21/01/2013   P B2 21/01/2013 21/01/2013 LIBRO
CREDITS: SOCIETA' SAN PAOLO Via A.Severo, 58 - ROMA (RM) & PERIODICI SAN PAOLO SRL Via Giotto, 36 MILANO & CISF Via Giotto, 36 MILANO & EDIZIONI SAN PAOLO SRL,  Piazza Soncino, 5 CINISELLO BALSAMO (MI) -- ITALY